| 000 | 00738 a2200169 4500 | ||
|---|---|---|---|
| 003 | Nust | ||
| 005 | 20221202150944.0 | ||
| 040 | _cNust | ||
| 082 | _a621.381528,HOW | ||
| 100 | _aHoward W. Sams | ||
| 245 |
_aTransistor Substitution Handbook / _cHoward W. Sams |
||
| 260 |
_aNew york _bthe Bobbs -Merrill _c1965 |
||
| 300 | _a120p; | ||
| 505 | _aIntroduction (Page-5), A Guide To Making Transistor Substitutions (Page-7), Transistor Substitutes (Page-9), Recommended Substitutes And Applications (Page-93), Alphabetical Listing Of Applications (Page-97), Germanium Diodes (Page-103), Silicon Diodes (Page-109), Terminal Guides (Page-113), Key To Manufacturers (Page-125). | ||
| 650 | _aTelecommunication Engineering | ||
| 942 |
_2ddc _cBK |
||
| 999 |
_c193539 _d193539 |
||